000 00896nam a2200229Ia 4500
003 OSt
005 20250827140708.0
008 220922b |||||||| |||| 00| 0 hin d
037 _cTB
040 _aARTS
_cARTS
_bhin
041 _2hin
_ahin
084 _aO1518,1:g 152J8
_qAL
100 _aशिवप्रसाद सिंह
_9156263
245 0 _aसूर्य पूर्व ब्रजभाषा और उसका साहित्य
246 _aSūrya pūrva brajabhāṣhā aur usakā sāhitya
250 _aसंस्क0 2
260 _aवाराणसी
_b हिंदी प्रचारक पुस्तकालय
_c1958
300 _a407पृ.
_ccm.
650 _aहिन्दी साहित्य
_9156264
942 _hO1518,1:g 152J8
_cTB
_2CC
_n0
999 _c313535
_d313535